[Event "XII Torneio Aberto Internacional de Xadrez Festa d
[Site "Caxias do Sul - RS "]
[Date "2012.03.03"]
[Round "6"]
[Board "1"]
[White "Carvalho, Miguel Angelo Alvare"]
[Black "Lupato, Volmir"]
[Result "0-1"]
[WhiteElo "2065"]
[BlackElo "1924"]
[PlyCount "70"]
[EventDate "2012.03.03"]
[EventRounds "9"]
[EventCountry "BRA"]

1. e4 c5 2. Nf3 d6 3. d4 cxd4 4. Nxd4 Nf6 5. Nc3 a6 6. a3 e5 7. Nde2 Be7 8. g4
h6 9. Bg2 Nc6 10. Be3 Be6 11. O-O Rc8 12. Ng3 O-O 13. Nd5 Re8 14. Bb6 Qd7 15.
c3 Nb8 16. a4 Qc6 17. Be3 Bd8 18. Nf5 Bxf5 19. exf5 e4 20. Nb4 Qc7 21. Bd4 Nbd7
22. a5 Ne5 23. Re1 d5 24. Qb3 Qd6 25. Red1 Nf3+ 26. Bxf3 exf3 27. Bb6 Bxb6 28.
axb6 Qxb6 29. Qa2 Re2 30. Rf1 Qd6 31. Rfd1 Rce8 32. Nd3 Rxf2 33. Kxf2 Qxh2+ 34.
Kxf3 Qh3+ 35. Kf2 Nxg4+ 0-1

[Event "XII Torneio Aberto Internacional de Xadrez Festa d
[Site "Caxias do Sul - RS "]
[Date "2012.03.04"]
[Round "7"]
[Board "1"]
[White "Roselli, Bernardo"]
[Black "Vescovi, Giovanni Portilho"]
[Result "1/2-1/2"]
[WhiteElo "2423"]
[BlackElo "2604"]
[PlyCount "47"]
[EventDate "2012.03.03"]
[EventRounds "9"]
[EventCountry "BRA"]

1. d4 Nf6 2. c4 e6 3. Nc3 Bb4 4. Qc2 O-O 5. a3 Bxc3+ 6. Qxc3 b6 7. Bg5 Bb7 8.
f3 d5 9. e3 Nbd7 10. cxd5 exd5 11. Bd3 Re8 12. Ne2 c6 13. O-O Qe7 14. Ng3 h6
15. Bf4 Nf8 16. Nf5 Qd7 17. Nd6 Rxe3 18. Bxe3 Qxd6 19. Rfe1 Bc8 20. Qb4 Qc7 21.
Bf2 Be6 22. Rac1 Qb7 23. Qa4 b5 24. Qa5 1/2-1/2

[Event "XII Torneio Aberto Internacional de Xadrez Festa d
[Site "Caxias do Sul - RS "]
[Date "2012.03.04"]
[Round "7"]
[Board "1"]
[White "Matsuura, Everaldo"]
[Black "Mareco, Sandro"]
[Result "0-1"]
[WhiteElo "2486"]
[BlackElo "2579"]
[PlyCount "81"]
[EventDate "2012.03.03"]
[EventRounds "9"]
[EventCountry "BRA"]

1. c4 e5 2. g3 Nc6 3. Bg2 g6 4. Nc3 Bg7 5. d3 h6 6. Rb1 a5 7. a3 Nf6 8. b4 axb4
9. axb4 d6 10. e3 Bg4 11. Nge2 Qc8 12. Nd5 Nxd5 13. cxd5 Ne7 14. h3 Bd7 15. Nc3
O-O 16. Qb3 c6 17. h4 cxd5 18. Nxd5 Nxd5 19. Bxd5 Ba4 20. Qb2 Bc2 21. Bc4 Bxb1
22. Qxb1 d5 23. Bxd5 Rd8 24. e4 Qc3+ 25. Bd2 Ra1 26. O-O Rxb1 27. Bxc3 Rxf1+
28. Kxf1 Rc8 29. Bd2 b5 30. Ke2 Bf8 31. g4 Kg7 32. g5 hxg5 33. hxg5 Be7 34. d4
exd4 35. Kd3 Bd8 36. f4 Bb6 37. f5 gxf5 38. exf5 f6 39. g6 Ba7 40. Be6 Rd8 41.
Bf4 0-1

[Event "XII Torneio Aberto Internacional de Xadrez Festa d
[Site "Caxias do Sul - RS "]
[Date "2012.03.04"]
[Round "7"]
[Board "1"]
[White "Rodriguez Vila, Andres"]
[Black "Barreto, Felipe Kubiaki Menna"]
[Result "1-0"]
[WhiteElo "2518"]
[BlackElo "2247"]
[PlyCount "69"]
[EventDate "2012.03.03"]
[EventRounds "9"]
[EventCountry "BRA"]

1. e4 e5 2. Nf3 d6 3. d4 Nf6 4. Nc3 Nbd7 5. g3 g6 6. Bg2 Bg7 7. O-O O-O 8. Re1
c6 9. a4 a5 10. h3 Re8 11. Be3 exd4 12. Bxd4 Qc7 13. Qd2 Ne5 14. Nh2 Bd7 15. b3
c5 16. Be3 Bc6 17. Rad1 Rad8 18. Bg5 Qb6 19. Qf4 Nh5 20. Bxd8 Rxd8 21. Qe3 Qb4
22. Nd5 Bxd5 23. exd5 f5 24. Qd2 Qxd2 25. Rxd2 f4 26. g4 Nf6 27. Bf1 Bh6 28.
Rdd1 Bg5 29. Rxe5 dxe5 30. Nf3 h6 31. h4 e4 32. hxg5 Nxg4 33. Bh3 h5 34. Bxg4
hxg4 35. Ne5 1-0

[Event "XII Torneio Aberto Internacional de Xadrez Festa d
[Site "Caxias do Sul - RS "]
[Date "2012.03.04"]
[Round "7"]
[Board "1"]
[White "Stamenkovic, Dragan"]
[Black "Cubas, Jose Fernando"]
[Result "0-1"]
[WhiteElo "2383"]
[BlackElo "2518"]
[PlyCount "63"]
[EventDate "2012.03.03"]
[EventRounds "9"]
[EventCountry "BRA"]

1. d4 d5 2. c4 c6 3. Nf3 Nf6 4. e3 a6 5. Nc3 b5 6. b3 Bg4 7. h3 Bh5 8. g4 Bg6
9. Ne5 e6 10. Bg2 Bb4 11. Bd2 Nfd7 12. Nxg6 hxg6 13. a3 Be7 14. Qc2 O-O 15. O-O
bxc4 16. bxc4 Nb6 17. cxd5 cxd5 18. e4 dxe4 19. Nxe4 Ra7 20. Ba5 Qxd4 21. Qb3
Nd5 22. Rad1 Qe5 23. Rfe1 Nc6 24. Bd2 Qb8 25. Qa2 Rb7 26. Qc4 Rc8 27. Qxa6 Ra7
28. Qe2 Rxa3 29. Bc1 Ra4 30. Qf3 Nd4 31. Qg3 Qb6 32. Bf1 0-1

[Event "XII Torneio Aberto Internacional de Xadrez Festa d
[Site "Caxias do Sul - RS "]
[Date "2012.03.04"]
[Round "7"]
[Board "1"]
[White "Izquierdo, Daniel"]
[Black "El Debs, Felipe De Cresce"]
[Result "0-1"]
[WhiteElo "2261"]
[BlackElo "2507"]
[PlyCount "72"]
[EventDate "2012.03.03"]
[EventRounds "9"]
[EventCountry "BRA"]

1. d4 d5 2. Nf3 Nf6 3. e3 g6 4. c4 Bg7 5. Nc3 O-O 6. cxd5 Nxd5 7. Bc4 Nb6 8.
Bb3 Na6 9. O-O c5 10. Ne5 e6 11. f4 Bd7 12. Qe2 cxd4 13. exd4 Nb4 14. Be3 Bc6
15. a3 N4d5 16. Rac1 Qe7 17. Nxc6 bxc6 18. Ne4 Rfd8 19. Rfd1 Qc7 20. g3 Ne7 21.
Ng5 Nf5 22. Nf3 Rd6 23. Bf2 Rad8 24. Qe4 Qb7 25. Rd3 Nd5 26. Rcd1 Nf6 27. Qe2
Ng4 28. Ne5 Nxf2 29. Qxf2 Qb5 30. Bc4 Qb6 31. Rb3 Rxd4 32. Rxd4 Qxd4 33. Qxd4
Nxd4 34. Rb7 Bxe5 35. fxe5 Nf3+ 36. Kf2 Nxe5 0-1

[Event "XII Torneio Aberto Internacional de Xadrez Festa d
[Site "Caxias do Sul - RS "]
[Date "2012.03.04"]
[Round "7"]
[Board "1"]
[White "Flores, Diego"]
[Black "Dos Santos, Tiago Augusto"]
[Result "1-0"]
[WhiteElo "2599"]
[BlackElo "2023"]
[PlyCount "47"]
[EventDate "2012.03.03"]
[EventRounds "9"]
[EventCountry "BRA"]

1. c4 c5 2. Nc3 Nc6 3. Nf3 g6 4. e3 Bg7 5. d4 cxd4 6. exd4 d6 7. Be2 Nf6 8. d5
Nb8 9. O-O O-O 10. Bg5 Nbd7 11. Qd2 Re8 12. Rfe1 Nc5 13. Bf1 Bf5 14. Bh6 Nce4
15. Nxe4 Nxe4 16. Rxe4 Bxe4 17. Bxg7 Bxf3 18. Bc3 h5 19. g4 Qd7 20. h3 Bxg4 21.
Qd4 f6 22. hxg4 Rac8 23. Re1 b5 24. Re6 1-0

[Event "XII Torneio Aberto Internacional de Xadrez Festa d
[Site "Caxias do Sul - RS "]
[Date "2012.03.04"]
[Round "7"]
[Board "1"]
[White "Matsuura, Frederico"]
[Black "Izquierdo, Sebastian"]
[Result "0-1"]
[WhiteElo "2287"]
[BlackElo "2043"]
[PlyCount "63"]
[EventDate "2012.03.03"]
[EventRounds "9"]
[EventCountry "BRA"]

1. d4 d5 2. Nf3 Nf6 3. c4 c6 4. Qb3 Qb6 5. c5 Qxb3 6. axb3 Bf5 7. e3 Bxb1 8.
Rxb1 Nbd7 9. Bd2 e6 10. Bc3 Be7 11. Bd3 O-O 12. O-O Rfe8 13. Ra1 a6 14. Nd2 e5
15. dxe5 Ng4 16. Bf5 Ndxe5 17. h3 Nh6 18. Bxh7+ Kxh7 19. Bxe5 Bxc5 20. Nf3 f6
21. Bd4 Bd6 22. g4 Nf7 23. Kg2 Be5 24. Rad1 Bxd4 25. Rxd4 Nd6 26. h4 Re4 27. g5
Rae8 28. Rh1 Rxd4 29. Nxd4 fxg5 30. hxg5+ Kg6 31. Nf3 Ne4 32. Kf1 0-1

[Event "XII Torneio Aberto Internacional de Xadrez Festa d
[Site "Caxias do Sul - RS "]
[Date "2012.03.04"]
[Round "7"]
[Board "1"]
[White "Burgos, Marcelo Alves"]
[Black "Lazzarotto, Marcio"]
[Result "1-0"]
[WhiteElo "2194"]
[BlackElo "1929"]
[PlyCount "49"]
[EventDate "2012.03.03"]
[EventRounds "9"]
[EventCountry "BRA"]

1. d4 c5 2. d5 f5 3. c4 Nf6 4. Nc3 g6 5. Qc2 d6 6. e4 fxe4 7. Nxe4 Nxe4 8. Qxe4
Bg7 9. Qc2 Bf5 10. Bd3 Bxd3 11. Qxd3 O-O 12. Nf3 Na6 13. O-O Nc7 14. Re1 Rb8
15. a4 a6 16. a5 b5 17. axb6 Rxb6 18. Ra2 Qd7 19. h4 e6 20. dxe6 Nxe6 21. Qd5
Rxf3 22. gxf3 Kf7 23. b4 Rxb4 24. Rae2 Rb1 25. Rxe6 1-0

[Event "XII Torneio Aberto Internacional de Xadrez Festa d
[Site "Caxias do Sul - RS "]
[Date "2012.03.04"]
[Round "7"]
[Board "1"]
[White "Florianovitz, Derlei Alex"]
[Black "Lupato, Volmir"]
[Result "1-0"]
[WhiteElo "2051"]
[BlackElo "1924"]
[PlyCount "45"]
[EventDate "2012.03.03"]
[EventRounds "9"]
[EventCountry "BRA"]

1. e4 c5 2. Nc3 e6 3. g3 g6 4. Bg2 Bg7 5. d3 Ne7 6. f4 Nbc6 7. Nf3 Rb8 8. O-O
b5 9. e5 d6 10. exd6 Bxc3 11. bxc3 Qxd6 12. Ng5 Nf5 13. Ne4 Qe7 14. g4 Nh4 15.
Be3 Nxg2 16. Bxc5 Ne3 17. Bxe3 f5 18. gxf5 exf5 19. Bc5 Qg7 20. Nd6+ Kd7 21. d4
Kc7 22. Qe2 Ba6 23. a4 1-0

[Event "XII Torneio Aberto Internacional de Xadrez Festa d
[Site "Caxias do Sul - RS "]
[Date "2012.03.04"]
[Round "7"]
[Board "1"]
[White "Naissinger, William Quevedo"]
[Black "Borges, Rodrigo Da Silva"]
[Result "0-1"]
[WhiteElo "1940"]
[BlackElo "2205"]
[PlyCount "68"]
[EventDate "2012.03.03"]
[EventRounds "9"]
[EventCountry "BRA"]

1. e4 c5 2. Nf3 d6 3. d4 cxd4 4. Nxd4 Nf6 5. Nc3 a6 6. Be3 e5 7. Nb3 Be6 8. f3
Nbd7 9. Qd2 b5 10. g4 Be7 11. O-O-O O-O 12. g5 b4 13. Nd5 Nxd5 14. exd5 Bf5 15.
h4 a5 16. Bd3 Bxd3 17. Qxd3 f5 18. Kb1 a4 19. Nc1 Qa5 20. Rh2 e4 21. fxe4 Ne5
22. Qe2 fxe4 23. Bg1 a3 24. b3 Nf3 25. Rh1 Rae8 26. Be3 Bd8 27. Qc4 Bb6 28. Qe2
Qa7 29. Bxb6 Qxb6 30. Qc4 e3 31. Qe2 Qc5 32. Rd3 Nd4 33. Qd1 e2 34. Nxe2 Rxe2
0-1

[Event "XII Torneio Aberto Internacional de Xadrez Festa d
[Site "Caxias do Sul - RS "]
[Date "2012.03.04"]
[Round "7"]
[Board "1"]
[White "Nemeth Junior, Henrique"]
[Black "Born, Carlos Rodrigo"]
[Result "0-1"]
[WhiteElo "1924"]
[BlackElo "2199"]
[PlyCount "41"]
[EventDate "2012.03.03"]
[EventRounds "9"]
[EventCountry "BRA"]

1. e4 c5 2. Nc3 e6 3. f4 d5 4. d3 Nf6 5. e5 Nfd7 6. Nf3 Nc6 7. g3 a6 8. Bh3 Be7
9. O-O b5 10. d4 cxd4 11. Ne2 Qb6 12. Nfxd4 Bc5 13. c3 b4 14. Kh1 bxc3 15. bxc3
Na5 16. f5 Nxe5 17. fxe6 O-O 18. Nf4 Nac4 19. exf7+ Rxf7 20. Nde6 Rf6 21. Nxd5
0-1

[Event "XII Torneio Aberto Internacional de Xadrez Festa d
[Site "Caxias do Sul - RS "]
[Date "2012.03.04"]
[Round "7"]
[Board "1"]
[White "Caliari, Paulo"]
[Black "Oliveira, Paulo Sergio De Castro"]
[Result "1-0"]
[WhiteElo "2087"]
[BlackElo "2182"]
[PlyCount "65"]
[EventDate "2012.03.03"]
[EventRounds "9"]
[EventCountry "BRA"]

1. d4 e6 2. Nf3 f5 3. d5 exd5 4. Qxd5 Nf6 5. Qb3 d5 6. Bg5 Be7 7. e3 Nbd7 8.
Bxf6 Nxf6 9. c4 c6 10. cxd5 Qa5+ 11. Nc3 Nxd5 12. Bc4 Bb4 13. Bxd5 Bxc3+ 14.
bxc3 Qxd5 15. Qxd5 cxd5 16. Rd1 Be6 17. Nd4 Bd7 18. O-O Rc8 19. Rc1 Ke7 20.
Rfd1 Rc4 21. Ne2 Be6 22. Rb1 b6 23. Rb2 Rhc8 24. f3 g6 25. Kf2 R8c5 26. Rdd2
Bc8 27. Rd4 Bb7 28. Rbd2 Kf6 29. Nf4 Rxc3 30. Nxd5+ Bxd5 31. Rxd5 Rxd5 32. Rxd5
Rc2+ 33. Kg3 1-0

[Event "XII Torneio Aberto Internacional de Xadrez Festa d
[Site "Caxias do Sul - RS "]
[Date "2012.03.04"]
[Round "7"]
[Board "1"]
[White "Borges, Guilherme Deola"]
[Black "Fleck Da Silva, Rafael"]
[Result "1-0"]
[WhiteElo "2155"]
[BlackElo "1927"]
[PlyCount "87"]
[EventDate "2012.03.03"]
[EventRounds "9"]
[EventCountry "BRA"]

1. d4 Nf6 2. Bg5 e6 3. c4 g6 4. e4 h6 5. Bxf6 Qxf6 6. Nc3 Bg7 7. Nf3 b6 8. Bd3
Bb7 9. Qe2 Nc6 10. e5 Qe7 11. O-O-O d6 12. exd6 cxd6 13. d5 Ne5 14. dxe6 fxe6
15. Nxe5 Qg5+ 16. Qe3 Qxe3+ 17. fxe3 Bxe5 18. Bxg6+ Ke7 19. Rhf1 Raf8 20. g3
Bxc3 21. bxc3 Ba6 22. Bd3 Rxf1 23. Rxf1 Rc8 24. Rf4 d5 25. Kd2 Bxc4 26. a3 Rf8
27. Bxc4 dxc4 28. Rxc4 Rf2+ 29. Kd3 Rxh2 30. Rc7+ Kd6 31. Rxa7 Rg2 32. Rg7 h5
33. Rg5 Kc6 34. a4 Kd6 35. Ke4 Rc2 36. Rxh5 Rxc3 37. Rh4 Rc5 38. Kd4 Rd5+ 39.
Kc4 Rc5+ 40. Kd3 Rg5 41. Rb4 Rxg3 42. Rxb6+ Kd5 43. a5 Rg1 44. Rb5+ 1-0

[Event "XII Torneio Aberto Internacional de Xadrez Festa d
[Site "Caxias do Sul - RS "]
[Date "2012.03.04"]
[Round "7"]
[Board "1"]
[White "Klein, Gilberto Antonio"]
[Black "Chemim, Justo Reinaldo"]
[Result "1/2-1/2"]
[WhiteElo "2005"]
[BlackElo "2153"]
[PlyCount "66"]
[EventDate "2012.03.03"]
[EventRounds "9"]
[EventCountry "BRA"]

1. d4 d5 2. c4 c6 3. Nf3 e6 4. Nc3 dxc4 5. a4 Bb4 6. Ne5 b5 7. e3 Nf6 8. Be2
Bb7 9. O-O a6 10. f4 Qc7 11. f5 exf5 12. Rxf5 Nbd7 13. Qf1 O-O 14. Nxd7 Nxd7
15. Bd2 Bd6 16. g3 Rae8 17. Rf2 Nb6 18. Bf3 b4 19. Ne4 a5 20. Nc5 Bc8 21. Qg2
Bxc5 22. dxc5 Nd5 23. e4 Ne7 24. Bf4 Qa7 25. Bd6 Be6 26. Be2 Rd8 27. Qf1 Rfe8
28. Bxc4 Ng6 29. Re1 Bxc4 30. Qxc4 Ne5 31. Qe2 f6 32. Kg2 Nf7 33. Qc4 Rb8
1/2-1/2

[Event "XII Torneio Aberto Internacional de Xadrez Festa d
[Site "Caxias do Sul - RS "]
[Date "2012.03.04"]
[Round "7"]
[Board "1"]
[White "Spritzer, Abrao Rafael"]
[Black "Da Cruz, Eider Tiago"]
[Result "1-0"]
[WhiteElo "1970"]
[BlackElo "2133"]
[PlyCount "59"]
[EventDate "2012.03.03"]
[EventRounds "9"]
[EventCountry "BRA"]

1. c4 e5 2. Nc3 Nf6 3. g3 Nc6 4. Bg2 Bc5 5. Nf3 O-O 6. O-O Re8 7. d3 a5 8. Ng5
d6 9. Nge4 Nxe4 10. Nxe4 Ba7 11. Bd2 Nd4 12. e3 Ne6 13. Qa4 c6 14. Nc3 g6 15.
Qd1 f5 16. Ne2 Rf8 17. Nc3 Bd7 18. a3 h5 19. b4 axb4 20. axb4 h4 21. b5 Rf7 22.
bxc6 bxc6 23. Qb3 Nc5 24. Qc2 hxg3 25. fxg3 Bb6 26. Rxa8 Qxa8 27. Kh1 Qa7 28.
d4 Ne6 29. d5 cxd5 30. e4 1-0

[Event "XII Torneio Aberto Internacional de Xadrez Festa d
[Site "Caxias do Sul - RS "]
[Date "2012.03.04"]
[Round "8"]
[Board "1"]
[White "El Debs, Felipe De Cresce"]
[Black "Rodriguez Vila, Andres"]
[Result "1-0"]
[WhiteElo "2507"]
[BlackElo "2518"]
[PlyCount "37"]
[EventDate "2012.03.03"]
[EventRounds "9"]
[EventCountry "BRA"]

1. d4 f5 2. Nc3 d5 3. Bf4 e6 4. Nf3 Bd6 5. e3 Nf6 6. Bd3 O-O 7. O-O Nc6 8. Ne2
Nb4 9. Bb5 Bd7 10. Bxd7 Nxd7 11. c3 Nc6 12. Qd3 Nb6 13. b3 Qe8 14. a4 Kh8 15.
a5 Nd7 16. a6 b6 17. c4 Nf6 18. Rfc1 Ne7 19. b4 1-0

[Event "XII Torneio Aberto Internacional de Xadrez Festa d
[Site "Caxias do Sul - RS "]
[Date "2012.03.04"]
[Round "8"]
[Board "1"]
[White "Bueno, Alfeu Junior Varela"]
[Black "Flores, Diego"]
[Result "0-1"]
[WhiteElo "2291"]
[BlackElo "2599"]
[PlyCount "48"]
[EventDate "2012.03.03"]
[EventRounds "9"]
[EventCountry "BRA"]

1. e4 c5 2. Nc3 e6 3. f4 a6 4. g3 b5 5. Bg2 Bb7 6. d3 d5 7. exd5 b4 8. Na4 Nf6
9. Qe2 Bxd5 10. Nf3 Be7 11. c4 bxc3 12. bxc3 Qa5 13. Qc2 c4 14. dxc4 Be4 15.
Qd1 Bc6 16. Nb2 Bc5 17. Qc2 O-O 18. Nd2 Bxg2 19. Nb3 Be4 20. Qxe4 Qxc3+ 21. Bd2
Qxb3 22. Qxa8 Qxb2 23. Ke2 Qd4 24. Qf3 Ne4 0-1

[Event "XII Torneio Aberto Internacional de Xadrez Festa d
[Site "Caxias do Sul - RS "]
[Date "2012.03.04"]
[Round "8"]
[Board "1"]
[White "Matsuura, Everaldo"]
[Black "Roselli, Bernardo"]
[Result "0-1"]
[WhiteElo "2486"]
[BlackElo "2423"]
[PlyCount "57"]
[EventDate "2012.03.03"]
[EventRounds "9"]
[EventCountry "BRA"]

1. e4 e6 2. d4 d5 3. Nc3 Bb4 4. e5 b6 5. Qg4 Bf8 6. Bg5 Qd7 7. f4 Nc6 8. O-O-O
Bb7 9. Qf3 Be7 10. g4 O-O-O 11. Nge2 Kb8 12. Bxe7 Ngxe7 13. f5 Nc8 14. Bh3 Na5
15. Rhf1 Rde8 16. g5 Ba6 17. Rd2 Bxe2 18. Nxe2 Qa4 19. Nc3 Qd7 20. Kb1 a6 21.
Ne2 Ne7 22. Nf4 Nec6 23. Nh5 Rhg8 24. fxe6 fxe6 25. Qf7 Qc8 26. Rdf2 Nd8 27.
Qf3 Qd7 28. Qd3 Qe7 29. Qxa6 0-1

[Event "XII Torneio Aberto Internacional de Xadrez Festa d
[Site "Caxias do Sul - RS "]
[Date "2012.03.04"]
[Round "8"]
[Board "1"]
[White "Salustiano, Murilo Gimenez"]
[Black "Stamenkovic, Dragan"]
[Result "0-1"]
[WhiteElo "2011"]
[BlackElo "2383"]
[PlyCount "98"]
[EventDate "2012.03.03"]
[EventRounds "9"]
[EventCountry "BRA"]

1. e4 c5 2. Nf3 Nc6 3. d4 cxd4 4. Nxd4 g6 5. Nc3 Bg7 6. Nb3 Nf6 7. Be3 d6 8.
Be2 O-O 9. Qd2 a5 10. a3 a4 11. Nd4 Qa5 12. f3 Bd7 13. g4 Nxd4 14. Bxd4 Bc6 15.
g5 Nh5 16. Bxg7 Nxg7 17. h4 Nh5 18. O-O-O Qe5 19. Qd4 f6 20. gxf6 Qxd4 21. f7+
Rxf7 22. Rxd4 Ng3 23. Re1 Nxe2+ 24. Rxe2 Rxf3 25. e5 dxe5 26. Rxe5 Kf7 27. Ne4
h6 28. Nd2 Rf2 29. c4 Ke8 30. Ne4 Rf1+ 31. Kc2 Rd8 32. Rxd8+ Kxd8 33. Nd2 Rf4
34. h5 g5 35. Re6 Rf6 36. Re3 Kd7 37. Rd3+ Ke8 38. Re3 Rf4 39. Re6 Rf6 40. Re3
Kf7 41. Kc3 Rf4 42. Rh3 g4 43. Rg3 Kf6 44. Kd3 Kg5 45. Ke3 e5 46. c5 Kxh5 47.
Rg1 Kg5 48. b4 axb3 49. Nxb3 Rf3+ 0-1

[Event "XII Torneio Aberto Internacional de Xadrez Festa d
[Site "Caxias do Sul - RS "]
[Date "2012.03.04"]
[Round "8"]
[Board "1"]
[White "Souza, Ivan Boere"]
[Black "Boff, Lucas Strauss"]
[Result "1-0"]
[WhiteElo "2283"]
[BlackElo "1998"]
[PlyCount "90"]
[EventDate "2012.03.03"]
[EventRounds "9"]
[EventCountry "BRA"]

1. e4 d6 2. d4 Nf6 3. Nc3 g6 4. Bc4 c6 5. a4 Bg7 6. Nf3 O-O 7. O-O Nxe4 8. Nxe4
d5 9. Bd3 dxe4 10. Bxe4 Nd7 11. Re1 Nf6 12. Bd3 Nd5 13. c3 h6 14. Bd2 Qc7 15.
Qc1 Kh7 16. c4 Nf6 17. Bc3 e6 18. b4 Bd7 19. Ne5 Rac8 20. Qa3 Be8 21. b5 Nd7
22. Nxd7 Bxd7 23. Bb4 Rfe8 24. Bd6 Qd8 25. Rad1 Qg5 26. Be5 f6 27. f4 Qh4 28.
g3 Qh3 29. Bf1 Qg4 30. h3 Qh5 31. Bd6 g5 32. Qd3+ Kh8 33. Bg2 Qf7 34. c5 Bf8
35. Bxf8 Rxf8 36. fxg5 hxg5 37. Rb1 f5 38. Qe3 Qg6 39. Qe5+ Qg7 40. Qxg7+ Kxg7
41. bxc6 Bxc6 42. Bxc6 Rxc6 43. Rxb7+ Rf7 44. Reb1 Ra6 45. Rxf7+ Kxf7 1-0

[Event "XII Torneio Aberto Internacional de Xadrez Festa d
[Site "Caxias do Sul - RS "]
[Date "2012.03.04"]
[Round "8"]
[Board "1"]
[White "Barreto, Felipe Kubiaki Menna"]
[Black "Caliari, Paulo"]
[Result "1-0"]
[WhiteElo "2247"]
[BlackElo "2087"]
[PlyCount "71"]
[EventDate "2012.03.03"]
[EventRounds "9"]
[EventCountry "BRA"]

1. d4 d5 2. Nf3 Nf6 3. c4 c6 4. Nc3 e6 5. Bg5 Nbd7 6. e3 Qa5 7. Nd2 dxc4 8.
Bxf6 Nxf6 9. Nxc4 Qd8 10. g3 h5 11. h4 Ng4 12. Be2 f5 13. Qb3 Bd6 14. Bxg4 hxg4
15. O-O-O g6 16. e4 b5 17. Ne5 Bxe5 18. dxe5 Qb6 19. Rd6 Qc5 20. Rxe6+ Bxe6 21.
Qxe6+ Kf8 22. Qf6+ Kg8 23. Qxg6+ Kf8 24. e6 Qe7 25. Qxf5+ Kg8 26. Rd1 Qg7 27.
Rd7 Qh6+ 28. Kb1 Rh7 29. Qxg4+ Rg7 30. Rxg7+ Qxg7 31. Qxg7+ Kxg7 32. f4 Kf6 33.
f5 Rg8 34. Ne2 Ke5 35. Kc2 Kxe4 36. f6 1-0

[Event "XII Torneio Aberto Internacional de Xadrez Festa d
[Site "Caxias do Sul - RS "]
[Date "2012.03.04"]
[Round "8"]
[Board "1"]
[White "Borges, Rodrigo Da Silva"]
[Black "Gambale, Eduardo De Aquino"]
[Result "1-0"]
[WhiteElo "2205"]
[BlackElo "1980"]
[PlyCount "32"]
[EventDate "2012.03.03"]
[EventRounds "9"]
[EventCountry "BRA"]

1. e4 c5 2. Nf3 Nc6 3. d4 cxd4 4. Nxd4 Nf6 5. Nc3 d6 6. Bg5 Bd7 7. Bxf6 gxf6 8.
Nb3 e6 9. Qh5 Qb6 10. Bd3 Ne5 11. O-O O-O-O 12. Kh1 Kb8 13. f4 Nxd3 14. cxd3
Be8 15. Rac1 Rc8 16. e5 Qd8 1-0

[Event "XII Torneio Aberto Internacional de Xadrez Festa d
[Site "Caxias do Sul - RS "]
[Date "2012.03.04"]
[Round "8"]
[Board "1"]
[White "Born, Carlos Rodrigo"]
[Black "Spritzer, Abrao Rafael"]
[Result "1-0"]
[WhiteElo "2199"]
[BlackElo "1970"]
[PlyCount "68"]
[EventDate "2012.03.03"]
[EventRounds "9"]
[EventCountry "BRA"]

1. e4 c5 2. Nf3 Nc6 3. d4 cxd4 4. Nxd4 g6 5. Nc3 Bg7 6. Nb3 Nf6 7. g4 d6 8. g5
Ng4 9. Be2 Nge5 10. f4 Nd7 11. Be3 h6 12. gxh6 Bxh6 13. Qd2 Nb6 14. Nd5 e6 15.
Qc3 e5 16. O-O-O Bg7 17. Bb5 Bd7 18. Nxb6 axb6 19. Rxd6 Qc7 20. Rhd1 O-O-O 21.
Kb1 Rxh2 22. f5 gxf5 23. exf5 f6 24. Nc1 Rhh8 25. Qd3 Rhe8 26. Qf1 Nd4 27.
Bxd7+ Rxd7 28. Rxd7 Qxc2+ 29. Ka1 Kxd7 30. Bxd4 exd4 31. Rxd4+ Ke7 32. Rc4 Qh2
33. Rd4 Qe5 34. Nb3 Qe3 1-0

[Event "XII Torneio Aberto Internacional de Xadrez Festa d
[Site "Caxias do Sul - RS "]
[Date "2012.03.04"]
[Round "8"]
[Board "1"]
[White "Pluschkat, Gustavo Ranulpho"]
[Black "Borges, Guilherme Deola"]
[Result "0-1"]
[WhiteElo "2003"]
[BlackElo "2155"]
[PlyCount "24"]
[EventDate "2012.03.03"]
[EventRounds "9"]
[EventCountry "BRA"]

1. b3 d5 2. Bb2 Nf6 3. h4 Bg4 4. f3 Qd6 5. Nh3 Qg3+ 6. Nf2 e5 7. e3 Bf5 8. Qe2
Nc6 9. Nc3 O-O-O 10. O-O-O Nb4 11. d3 Be7 12. Qe1 d4 0-1

[Event "XII Torneio Aberto Internacional de Xadrez Festa d
[Site "Caxias do Sul - RS "]
[Date "2012.03.04"]
[Round "8"]
[Board "1"]
[White "Aguiar, Djalma"]
[Black "Stevens, Tristan James"]
[Result "0-1"]
[WhiteElo "1964"]
[BlackElo "2134"]
[PlyCount "49"]
[EventDate "2012.03.03"]
[EventRounds "9"]
[EventCountry "BRA"]

1. e4 c5 2. Nf3 g6 3. d4 cxd4 4. Nxd4 Bg7 5. Nc3 Nc6 6. Be3 Nf6 7. f3 O-O 8.
Qd2 d5 9. exd5 Nxd5 10. Nxc6 bxc6 11. Nxd5 cxd5 12. O-O-O Be6 13. Bd4 f6 14. h4
Bf7 15. h5 gxh5 16. g4 Qc7 17. gxh5 Rfc8 18. Bd3 e5 19. Be3 Rab8 20. Rdg1 Kf8
21. Bh6 Bxh6 22. Qxh6+ Ke7 23. Kb1 Qb6 24. b3 Qd4 25. Rd1 0-1

[Event "XII Torneio Aberto Internacional de Xadrez Festa d
[Site "Caxias do Sul - RS "]
[Date "2012.03.04"]
[Round "8"]
[Board "1"]
[White "Starke, Bruno Orlando"]
[Black "Baptista, Andre Kemper"]
[Result "1-0"]
[WhiteElo "2086"]
[BlackElo "1780"]
[PlyCount "55"]
[EventDate "2012.03.03"]
[EventRounds "9"]
[EventCountry "BRA"]

1. d4 Nf6 2. Nf3 g6 3. c4 Bg7 4. g3 d6 5. Bg2 O-O 6. O-O Bf5 7. Nh4 Bc8 8. Nf3
Bf5 9. Re1 Nc6 10. Nbd2 Qd7 11. e4 Bg4 12. d5 Ne5 13. Nxe5 dxe5 14. f3 Bh3 15.
Nb3 Bxg2 16. Kxg2 Nh5 17. Nc5 Qc8 18. b3 b6 19. Nd3 f5 20. Bb2 fxe4 21. Rxe4
Nf6 22. Rxe5 c6 23. Rxe7 cxd5 24. cxd5 Qd8 25. Qe2 Rf7 26. Rxf7 Kxf7 27. Qe6+
Kf8 28. Ba3+ 1-0

[Event "XII Torneio Aberto Internacional de Xadrez Festa d
[Site "Caxias do Sul - RS "]
[Date "2012.03.04"]
[Round "8"]
[Board "1"]
[White "Dobuchak, Thiago Carstens"]
[Black "Matsuura, Frederico"]
[Result "0-1"]
[WhiteElo "1771"]
[BlackElo "2287"]
[PlyCount "64"]
[EventDate "2012.03.03"]
[EventRounds "9"]
[EventCountry "BRA"]

1. d4 e6 2. c4 f5 3. Nf3 Nf6 4. Nc3 d5 5. Bf4 c6 6. Qc2 Be7 7. e3 O-O 8. Bd3
Ne4 9. Bxe4 fxe4 10. Nd2 Nd7 11. Rb1 a5 12. a3 b6 13. b4 axb4 14. axb4 Bb7 15.
O-O Qe8 16. Qb3 Kh8 17. Ra1 h5 18. c5 bxc5 19. bxc5 Ba6 20. Rfc1 Qf7 21. f3 e5
22. dxe5 Nxc5 23. Qd1 Nd3 24. Rcb1 Bc5 25. g3 Nxf4 26. gxf4 Bxe3+ 27. Kh1 Qxf4
28. fxe4 Bxd2 29. Qxh5+ Qh6 30. Qxh6+ gxh6 31. Nd1 Rf1+ 32. Kg2 Rg8+ 0-1